000 00230nam a22000977a 4500
999 _c261936
_d261935
020 _a0688803075
100 _aVera B. Williams
245 _aThree Days In a River Canoe
260 _aNew York
_bGreenwillow Books
_c1981
942 _cBK